000 00264nam a22001097a 4500
008 160523b xxu||||| |||| 00| 0 eng d
020 _a0240517423
041 _aeng
080 _a771
245 _aPhotography: Art and technique:
_cAlfred A. Blaker;
942 _2udc
_cBK
999 _c2367
_d2367